LEADER 00810nas a2200217 i 4500 001 000000163198 003 CaOOAMICUS 005 20080505000000.0 008 070719b2007 it uu u0 0mul r 013 $a140562 040 $aSeMil$bita 245 10$a2007 : [1]. 260 $aPisa ;$aRoma :$bFabrizio Serra,$ccopyr. 2007. 300 $a292 p. ;$c25 cm. 773 0 $tIus Ecclesiae.$dRoma : Centro Accademico della Santa Croce, 1989.$x1120-6462$w()2385 774 0 $t[vedi periodico].$w()266954 850 $aSeMil 852 $aSeMil$W1$xVenegono$y1$m245 3 45$j114512$B114512$CSeMilBibl$Z2$F133751 $85 961 $aAbbonamento: Accademia Editoriale 996 $6245$a2007 : [1]$9(OLS)http://semarc/title/142056 996 $6260$aPisa ;$aRoma :$bFabrizio Serra$9(OLS)http://semarc/publisher/34314 LEADER 00757nam a2200217 i 4500 001 000000186498 003 CaOOAMICUS 005 20150914000000.0 008 150914s1963 it u000 u ita u 013 $a164547 040 $aSeMil$bita 100 1 $aPalazzeschi, Aldo,$d<1885-1974>.$0(OLS)http://semarc/name/8329 245 10$aPoesie :$b1904-1914 /$cAldo Palazzeschi. 250 $a7. ed. 260 $aFirenze :$bVallecchi,$c1963. 300 $a325 p. ;$c23 cm. 850 $aSeMil 852 $aSeMil$W1$xVenegono$y1$m1A IV 71$j137185$B137185$CSeMilBibl$Z2$F148757 $81 961 $aLascito: Milani don Felice 996 $6245$aPoesie :$b1904-1914$9(OLS)http://semarc/title/268115 996 $6260$aFirenze :$bVallecchi$9(OLS)http://semarc/publisher/29768